Tiếng Anh dành cho người đi du lịch nước ngoài

Na minha lista:
Detalhes bibliográficos
Autor principal: Nguyễn, Trung Tánh (Biên dịch)
Outros Autores: Phạm, Tấn Quyền (Biên dịch)
Formato: Livro
Publicado em: TP. Hồ Chí Minh Tổng hợp TP. Hồ Chí Minh 2013
Assuntos:
Tags: Adicionar Tag
Sem tags, seja o primeiro a adicionar uma tag!
Thư viện lưu trữ: Trung tâm Học liệu Lê Vũ Hùng, Trường Đại học Đồng Tháp
LEADER 01129pam a22003258a 4500
001 00033979
008 160314s2013 |||||| sd
005 20171026081025.0
020 |c 154000 
082 1 4 |a 338.4  |b T306A 
100 1 # |a Nguyễn, Trung Tánh  |e Biên dịch 
245 1 0 |a Tiếng Anh dành cho người đi du lịch nước ngoài  |c Nguyễn Trung Tánh, Phạm Tấn Quyền (b.d) 
260 # # |a TP. Hồ Chí Minh  |b Tổng hợp TP. Hồ Chí Minh  |c 2013 
300 # # |a 241 tr.  |c 21 cm.  |e 1 CD 
653 # # |a Du lịch 
653 # # |a Tự học 
653 # # |a Tiếng Anh 
653 # # |a Giao tiếp 
700 1 # |a Phạm, Tấn Quyền  |e Biên dịch 
852 # # |b Kho giáo trình  |j KGT.0049328, KGT.0049329, KGT.0049330, KGT.0049331 
852 # # |b Kho mượn  |j KGT.0049328 
852 # # |j KGT.0049329  |j KGT.0049330  |j KD.0017165  |j KGT.0049328  |j KGT.0049331 
852 # # |b Kho đọc  |j KD.0017165 
910 0 # |d 14/03/2016 
980 # # |a Trung tâm Học liệu Lê Vũ Hùng, Trường Đại học Đồng Tháp